000 01167agaaa2200265 4500
001 9220
003 IT-RoPAU
005 20220918181304.0
007 d cvaizq
008 50131s9999||||xx ||| | || ||und||
040 _aIT-RoPAU
_cIT-RoPAU
041 _aITALIANO
100 _aAnonimo
_gCodice regista SPICS: 2620
_954114
130 _aCIAK SI GIRA
_954115
245 _aCIAK SI GIRA
_pCIAK SI GIRA (Rif. Codice opera principale : 79220)
250 _aEdizione Standard
260 _aROMA (U.R.S.S.)
_bSAMPAOLO FILM AUDIOVISIVI / Distribuzione: MASTER VIDEO
_g"1977 (1° ed.: 1986 ; Ed. Lingua Orig.: 1977)"
300 _aVHS
_bsonoro, col.
_c20 minuti
520 _aLINGUAGGIO-DELL'IMMAGINE-N.10E' UN CARTONE ANIMATO CHE ILLUSTRA LE VARIE FASI ATTRAVERSO LE QUALI PASSALA PRODUZIONE DI UN FILM COGLIENDONE SOPRATTUTTO GLI ASPETTI UMORISTICI COSTITUISCE UNA SPECIE DI SINTESI E DI PIACEVOLE CHIUSURA DEL PROGRAMMA RELATIVO AL CINEMA
538 _aPAL, STEREO
546 _aITALIANO
650 _aDIDATTICO
_eSTUDI SUL CINEMA [VHS]
_xCodice MATERIA SPICS: 9959
_936686
700 _aAnonimo
_e(regista)
_gCodice regista SPICS: 2620
_954114
942 _cVH
_2ddc
999 _c107958
_d107958